| 000 | 01171cab a2200217 4500 | ||
|---|---|---|---|
| 001 | ##L134403 | ||
| 008 | 060802n2006 000 0 eng u | ||
| 035 | _a(Sirsi) u134403 | ||
| 041 | 0 | _aeng | |
| 100 | 1 | _aLynch, Russ | |
| 245 | 0 | 0 | _aGoing for gold standards |
| 260 | _c2006 | ||
| 490 | 0 |
_aConstruction News _v(6977) 27 July 2006, 12-13(2) |
|
| 520 | _aLooks at the procurement strategy issued by the London 2012 Olympic Delivery Authority (ODA). The strategy's statement that the lowest priced bids will not automatically be successful, and the ODA's commitment to being an intelligent client, will be welcomed by many in the construction industry. By using the NEC3 partnering contract, the ODA has made it clear that it intends to collaborate closely with the main contractors, in an effort to avoid the problems that have been encountered with the Wembley Stadium project. Warns that to be fully effective, however, the entire supply chain must use this suite of contracts. | ||
| 590 | _aIKA010806 | ||
| 650 | 2 | 4 | _aOLYMPIC GAMES 2012 |
| 650 | 2 | 4 | _aNEW ENGINEERING CONTRACT (THIRD EDITION) |
| 651 | 4 | _aLONDON | |
| 690 |
_aProcurement _96260 |
||
| 942 | _n0 | ||
| 999 |
_c77507 _d77507 |
||